Grammar sense 2 : (Record no. 9182)
[ view plain ]
| 000 -LEADER | |
|---|---|
| fixed length control field | 01083nam a22003015a 4500 |
| 008 - FIXED-LENGTH DATA ELEMENTS--GENERAL INFORMATION | |
| fixed length control field | 080805t2004 -us||||fr|||| 00| 0 eng d |
| 020 ## - INTERNATIONAL STANDARD BOOK NUMBER | |
| International Standard Book Number | 0194366340 |
| 020 ## - INTERNATIONAL STANDARD BOOK NUMBER | |
| International Standard Book Number | 9780194366342 (Student Book with CDs pack) |
| 020 ## - INTERNATIONAL STANDARD BOOK NUMBER | |
| International Standard Book Number | 9780194365710 |
| 020 ## - INTERNATIONAL STANDARD BOOK NUMBER | |
| International Standard Book Number | 0194365719 |
| 020 ## - INTERNATIONAL STANDARD BOOK NUMBER | |
| International Standard Book Number | 0194378144 ( CD-Rom) : |
| 040 ## - CATALOGING SOURCE | |
| Original cataloging agency | EG-ScBUE |
| Language of cataloging | eng |
| Transcribing agency | EG-ScBUE |
| 082 04 - DEWEY DECIMAL CLASSIFICATION NUMBER | |
| Classification number | 428.24 |
| Item number | PAV |
| Edition number | 22 |
| 100 1# - MAIN ENTRY--PERSONAL NAME | |
| Personal name | Pavlik, Cheryl |
| 9 (RLIN) | 13887 |
| 245 10 - TITLE STATEMENT | |
| Title | Grammar sense 2 : |
| Statement of responsibility, etc | Cheryl Pavlik ; Series Director Susan Kesner Bland |
| 246 3# - VARYING FORM OF TITLE | |
| Title proper/short title | Grammar sense two |
| 260 ## - PUBLICATION, DISTRIBUTION, ETC. (IMPRINT) | |
| Place of publication, distribution, etc | New York : |
| Name of publisher, distributor, etc | Oxford University Press, |
| Date of publication, distribution, etc | c.2004. |
| 300 ## - PHYSICAL DESCRIPTION | |
| Extent | xvi, 422 p.; |
| Other physical details | ill.; |
| Dimensions | 24 cm. + |
| Accompanying material | 2 CD-ROM (4 3/4 in.) |
| 440 ## - | |
| -- | Grammar Sense |
| -- | 2 ; |
| -- | 13888 |
| 500 ## - GENERAL NOTE | |
| General note | Includes index and Glossary |
| 590 ## - LOCAL NOTE (RLIN) | |
| Local note | yassmeen ashraf |
| 650 #0 - SUBJECT ADDED ENTRY--TOPICAL TERM | |
| Topical term or geographic name as entry element | English language |
| Form subdivision | Textbooks for foreign speakers. |
| 9 (RLIN) | 13889 |
| Source of heading or term | BUEsh |
| 650 #0 - SUBJECT ADDED ENTRY--TOPICAL TERM | |
| Topical term or geographic name as entry element | English language |
| General subdivision | Grammar |
| Form subdivision | Problems, exercises, etc. |
| 9 (RLIN) | 13890 |
| Source of heading or term | BUEsh |
| 651 ## - SUBJECT ADDED ENTRY--GEOGRAPHIC NAME | |
| Source of heading or term | BUEsh |
| 653 ## - INDEX TERM--UNCONTROLLED | |
| Resource For college | |
| Arrived date list | August2015 |
| 700 ## - ADDED ENTRY--PERSONAL NAME | |
| Personal name | Bland, Susan Kesner |
| 9 (RLIN) | 13891 |
| 942 ## - ADDED ENTRY ELEMENTS (KOHA) | |
| Item type | Book - Borrowing |
| Call number prefix | 428.24 PAV |
| Source of classification or shelving scheme | Dewey Decimal Classification |
| Withdrawn status | Item status | Source of classification or shelving scheme | Materials specified (bound volume or other part) | Damaged status | Not for loan | Vendor | Home library | Current library | Shelving location | Date acquired | Source of acquisition | Total Checkouts | Total Renewals | Full call number | Barcode | Date last seen | Date last borrowed | Koha item type | Cost, replacement price | Public note |
|---|---|---|---|---|---|---|---|---|---|---|---|---|---|---|---|---|---|---|---|---|
| Lost | Dewey Decimal Classification | Lost_In_Inventory_12-2-2024 | Baccah | Central Library | Central Library | Second Floor | 08/04/2016 | Purchase | 4 | 11 | 428.24 PAV | 000011139 | 24/08/2022 | 09/08/2017 | Book - Borrowing | |||||
| Dewey Decimal Classification | Central Library | Central Library | Second Floor | 17/04/2008 | 428.24 PAV | 000013487 | 24/08/2022 | CD | DVD - With book | 2008.00 | 2CDs | ||||||||||
| Dewey Decimal Classification | Central Library | Central Library | Second Floor | 12/05/2010 | 428.24 PAV | 000011138 | 24/08/2022 | CD | DVD - With book | 2008.00 | 2CDs |